000 00773nam a2200241 i 4500
001 17454
003 ES-MaACL
005 20230906151605.0
007 t|
008 010309s1999 sp ||||1| spa d
020 _a84-493-0811-9
080 _a615.851
245 0 0 _aTerapia breve estratégica
_b: pasos hacia un cambio de percepción de la realidad /
_cPaul Watzlawick, Giorgio Nardone (compiladores).
260 _aBarcelona :
_bPaidós Ibérica,
_c[2000]
300 _a240 p. ;
_c22 cm.
490 1 _aTerapia familiar ;
_v78
650 1 4 _aPsicoterapia breve.
_916581
700 1 _aWatzlawick, Paul.
_9116214
700 1 _aNardone, Giorgio.
_984943
830 0 _aTerapia familiar ;
_v78
_9179950
852 _aES-MaACL
_jL-24330
_bR.129510
999 _c17454
_d17454